| 000 | 00372pam a2200157a 44500 | ||
|---|---|---|---|
| 008 | 230515b1996 xxu||||| |||| 00| 0 eng d | ||
| 020 | _aNULL | ||
| 041 | _aENGL | ||
| 082 | _a005.133 /BYR | ||
| 100 | _aBYRON S.GOTTFRIED | ||
| 245 | _aTHEORY AND PROBLEMS OF PROGRAMMING WITH C | ||
| 250 | _aN.D. | ||
| 260 |
_aNULL _bT.M.H _c1996 |
||
| 300 | _a531 PB | ||
| 650 | _aNULL | ||
| 999 |
_c658605 _d658605 |
||